| 000 | 00825cad a22002055a 4500 | ||
|---|---|---|---|
| 001 | L154132 | ||
| 008 | 111018s2011 xxk f 000 0 eng d | ||
| 035 | _a(Sirsi) u154132 | ||
| 041 | 0 | _aeng | |
| 050 | 0 | 4 | _a306.1 $2 18 |
| 110 | 2 |
_aUnited Kingdom _bDepartment for Communities and Local Government _94939 |
|
| 245 | 0 | 0 |
_aPrivate landlords survey 2010 _h[electronic resource] |
| 260 |
_aLondon _bDCLG _c2011 |
||
| 520 | _aResults of a national survey of landlords and managing agents who own or manage privately rented properties in England. | ||
| 590 | _aKA NTK | ||
| 651 | 4 |
_aEngland _y886- |
|
| 690 | _aPROPERTY-RESIDENTIAL PROPERTY-RESIDENTIAL LANDLORD AND TENANT | ||
| 856 | 4 | 0 |
_uhttps://www.communities.gov.uk/documents/statistics/pdf/2010380.pdf _zView the item free of charge at www.communities.gov.uk |
| 942 | _n0 | ||
| 999 |
_c112856 _d112856 |
||